Where Did that Happen? - Statistics

General Stats
  • This quiz has been taken 59 times
  • The average score is 15 of 20
Answer Stats
Hint Answer % Correct
First Atomic Bomb Dropped Hiroshima
98%
Tianamen Square Massacre Beijing
95%
Storming of the Bastille Paris
95%
First Modern Olympics Athens
93%
Great Fire of 1666 London
93%
Assassination of John F Kennedy Dallas
91%
Birth of Muhammad Mecca
88%
End of the Vietnam War Ho Chi Minh City
84%
Death of Cleopatra Alexandria
80%
Great 1906 Earthquake San Francisco
80%
Start of the Renaissance Florence
79%
Martin Luther King's "I Have a Dream" Speech Washington D.C
71%
End of the Aztec Empire Mexico City
70%
Destruction of Solomon's Temple Jerusalem
68%
Mozart's First Concert Salzburg
66%
October Revolution St Petersburg
59%
Launch of the Titanic Southampton
57%
Christianity's legalization in the Roman Empire Milan
43%
Nika Revolt Istanbul
36%
Great Molasses Flood Boston
27%
No matching quizzes found
Score Distribution
Percent of People with Each Score
Percentile by Number Answered
Your Score History
You have not taken this quiz